000 02698nam a2200229Ia 4500
003 Ost
005 20260507075256.0
008 260507s9999||||xx |||||||||||||| ||und||
040 _cfsecg
041 _aara
082 _a330
100 _aالبنا، جلال
_eمؤلف
245 0 _aماذا تعرف عن الاستثمار في الاوراق المالية و البورصات و المشتقات :
_bالمسار الامريكي و البورصات الناشئة /
_c جلال البنا
260 _aمصر:
_bشركة الندى,
_c2007
300 _a261 صفحة؛
_c24 سم
504 _aمعجم المصطلحات ص.137؛ ملاحق ص.163
520 _aأنواع الاوراق المالية ، المخاطرة و المكافأة و تصميم الورقة المالية ، السهم العادي و الاوراق المالية الدانئة ، أساسيات للسندات ، الاوراق المالية ذات الدخل الثابت و ذات الدخل المتغيير ، الاصفار و المتحولات ، الاسهم الممتازة ، الاوراق المالية للحكومة الامريكية و الاوراق المالية الناقلة للتدفقات النقدية ، تعزيزات الائتمان ، الاوراق المالية الناقلة للتدفقات النقدية : الحكومية و الشبه حكومية و الدفعات الاولية ، اعطاء رتب للسندات ، دور أمناء الاستثمار في الاوراق المالية و الطرح الاولي للجمهور ، حقوق التصويت و النفوذ ، الاسهم العادية المتخصصة ، الحقوق الاجهاضية ، مؤسسة الاحتكارات الاستثمارية العقارية و مؤسسة التيسيرات الاستثمارية للرهن العقاري ، تقييم الاوراق المالية ، التحليل الاساسي و التحليل الفني ، المشى العشوائي ، البيتا (مقياس للمخاطر المنتظمة)، المشروعات الوهمية ، الاحتيال و الحماقات ، الشراء و البيع ، الشهادات و القيد الدفتي ، التحوط ، صناديق الاستثمار ووحدة التوصية المحدودة الاستثمارية ، البورصات ، السوق المغلقة للاسهم ، القوانين الفيديرالية الرئيسية للاوراق المالية : القانون 33، القانون 34، القانون40 و تشريعات أخرى.
653 _aالاستثمار
653 _aالاوراق المالية
653 _aالسندات
942 _cكتاب
999 _c43742
_d43742